Thành bại không phải ngẫu nhiên : 16 yếu tố quyết định thành bại đời người

محفوظ في:
التفاصيل البيبلوغرافية
التنسيق: كتاب
اللغة:Undetermined
منشور في: Hà Nội Lao động - Xã hội 2006
الموضوعات:
الوسوم: إضافة وسم
لا توجد وسوم, كن أول من يضع وسما على هذه التسجيلة!
Thư viện lưu trữ: Trung tâm Học liệu Trường Đại học Cần Thơ
LEADER 00604nam a2200193Ia 4500
001 CTU_101338
008 210402s9999 xx 000 0 und d
020 |c 46000 
082 |a 650.1 
082 |b Th107 
245 0 |a Thành bại không phải ngẫu nhiên : 
245 0 |b 16 yếu tố quyết định thành bại đời người 
245 0 |c Tường Hy biên soạn 
260 |a Hà Nội 
260 |b Lao động - Xã hội 
260 |c 2006 
650 |a Success in business 
904 |i Tuyến 
980 |a Trung tâm Học liệu Trường Đại học Cần Thơ